Riadenie elektrickej lokomotívy radu 350 : Dipl.práca /

Na minha lista:
Detalhes bibliográficos
Autor principal: Šušlík, Branislav (Author)
Outros Autores: Murgaš, Ján, 1951- (Thesis advisor)
Formato: Manuscrito Livro
Publicado em: Bratislava : STU v Bratislave FEI, 1997
Tags: Adicionar Tag
Sem tags, seja o primeiro a adicionar uma tag!

MARC

LEADER 00000ntm a22000003a 4500
001 stu10525
005 20160719164937.7
008 980119s1997----------------------------d
040 |a STU  |b slo 
041 0
100 1 |a Šušlík, Branislav  |4 aut 
245 1 |a Riadenie elektrickej lokomotívy radu 350 :  |b Dipl.práca /  |c [aut.] řušlík,Branislav; Škol. Murgaš,Ján 
260 |a Bratislava :  |b STU v Bratislave FEI,  |c 1997 
300 |a 77 s 
700 1 |a Murgaš, Ján,  |d 1951-  |4 ths  |u E011  |U FEI Fakulta elektrotechniky a informatiky  |T FEI Ústav robotiky a kybernetiky  |X 4933  |U E011  |Y 356  |7 A000004933